Storia del mio breve corpo /
Guardat en:
| Autor principal: | |
|---|---|
| Altres autors: | |
| Format: | Llibre |
| Idioma: | italià |
| Publicat: |
Firenze :
Black Coffee,
2021
|
| Etiquetes: |
Sense etiquetes, Sigues el primer a etiquetar aquest registre!
|
MARC
| LEADER | 00000nam a22000007i 4500 | ||
|---|---|---|---|
| 001 | IT\ICCU\TO0\2089836 | ||
| 003 | ItRI | ||
| 005 | 20231217173452.0 | ||
| 008 | 211028s2021 it |||||| ||||| |||||c | ||
| 020 | |a 9788894833515 | ||
| 040 | |b ita |c C | ||
| 041 | 7 | |a ita |2 ISO-639-2 | |
| 100 | 1 | |a Belcourt, Billy-Ray |0 IT\ICCU\TO0V\710995 |4 aut | |
| 240 | 1 | 2 | |a A history of my brief body |9 Belcourt, Billy-Ray |
| 245 | 1 | 0 | |a Storia del mio breve corpo / |c Billy-Ray Belcourt ; traduzione di Sara Reggiani. |
| 260 | |a Firenze : |b Black Coffee, |c 2021 | ||
| 300 | |a 144 p. ; |c 19 cm. | ||
| 700 | 1 | |a Reggiani, Sara |0 IT\ICCU\LO1V\344172 |4 trl | |
| 942 | |2 ddc |c BK | ||
| 952 | |0 0 |1 0 |2 ddc |4 0 |6 813_540000000000000_BIL_STO |7 1 |9 463 |a GE |b GE |d 2023-11-02 |l 0 |o 813.54 BIL STO |p 3551 |r 2023-12-15 22:47:42 |w 2023-12-15 |y BK | ||
| 981 | 1 | |6 z01 |a i |b xxxe | |
| 982 | 1 | |6 z01 |a n | |
| 999 | |c 371 |d 371 | ||